000 00586nam a22002052 4500
001 0000021577
005 20151021151143.0
008 120723s xx 000 0 eng d
020 _a1850492047 :
040 _aKABU
_cKABU
100 1 _aOlyott, Stuart.
_@0000182513
245 1 0 _aPreaching :
_bpure and simple /
_cStuart Olyott.
250 _a1st ed.
260 _aBridgend, UK :
_bBryntirion,
_c2005.
300 _a188 p.
650 0 _aPreaching.
_@0000148272
852 1 _9p280 KES
908 _a120723
950 _@1
999 _c1269
_d1269